000 00302nam a2200121Ia 4500
008 191201s2019 xx 000 0 und d
100 _aJain,N.K
245 0 _aProfessional Pharmacy
260 _bVallabh Prakashan
_aNew Delhi
_c2019
300 _a632
650 _aPharmaceutics - 23
942 _2ddc
_cBK
_01
999 _c8348
_d8348